| 000 | 00724nam a2200217 a 4500 | ||
|---|---|---|---|
| 999 |
_c135 _d135 |
||
| 001 | 135 | ||
| 003 | CDMR | ||
| 005 | 20211117130226.0 | ||
| 008 | 130130s1995||||||||||||||||||||||||||||d | ||
| 020 | _a8478266593 | ||
| 040 |
_aCDMR _bcat _cCPC GIRONA |
||
| 100 | 1 |
_aCorretger, Montserrat _9112 |
|
| 245 | 1 | 0 |
_aAlfons Maseras _b: intel·lectual d'acció i literat : biografia, obra periodística, traduccions / _cMontserrat Corretger |
| 260 |
_bCurial _aBarcelona: |
||
| 260 |
_c1995 _bPublicacions de l'Abadia de Montserrat : |
||
| 300 |
_a249 pàgines; _c23 cm |
||
| 490 |
_aTextos i estudis de cultura catalana; _v44 |
||
| 600 | 0 |
_94707 _aMaseras, Alfons |
|
| 650 | 0 |
_93139 _aPeriodistes catalans _vBiografia |
|
| 942 |
_cMON _2udc |
||